| 000 | 00672nam a22002177a 4500 | ||
|---|---|---|---|
| 003 | OSt | ||
| 005 | 20260312064820.0 | ||
| 008 | 251117b |||||||| |||| 00| 0 eng d | ||
| 020 | _a971-8816-15-1. | ||
| 040 |
_aDWCL-Main lib _cOC |
||
| 082 | _aFil. 268 W924c 1994 | ||
| 110 | _aWorld & Life Publiications | ||
| 245 |
_aCatechism of the Catholic Church _cWorld & Life Publications |
||
| 260 |
_aManila : _bWord & Life Publications, _cc1994. |
||
| 300 |
_axviii, 828 pages ; _c17 cm. |
||
| 504 | _aIncludes index. | ||
| 650 | _21. Catechism--Catholic Church. | ||
| 650 | _22. Catholic Church. | ||
| 710 | _aCBCP/ECCP | ||
| 942 |
_2ddc _cBK - FIL _eDefinitive ed. _kFil. _n0 |
||
| 999 |
_c5716 _d5716 |
||